Music Quiz

Random Music or Song Quiz

Name the songs by Angels & Airwaves Quiz Stats

 Plays Quiz not verified by Sporcle

Challenge
Share
Tweet
Embed
Score 0/33 Timer 05:00
0 Plays Today
% Correct
The Adventure
89%
The War
84.9%
Good Day
83.6%
Call to Arms
83.6%
Everything's Magic
82.2%
The Gift
80.8%
Secret Crowds
80.8%
It Hurts
79.5%
Start the Machine
79.5%
Breathe
78.1%
Star of Bethlehem
76.7%
True Love
76.7%
Heaven
75.3%
Hallucinations
75.3%
Valkyrie Missile
74%
Love Like Rockets
74%
Sirens
74%
% Correct
Jumping Rooftops
72.6%
Young London
72.6%
Do It For Me Now
71.2%
A Little's Enough
71.2%
Rite of Spring
71.2%
The Flight of Apollo
71.2%
Epic Holiday
71.2%
Shove
69.9%
Letters to God Part II
69.9%
Lifeline
68.5%
Distraction
67.1%
Soul Survivor(2012)
67.1%
Clever Love
64.4%
The Moon-Atomic(Fragments and Fictions)
63%
Some Origins of Fire
61.6%
Et Ducit Mundum Per Luce
53.4%

You're not logged in!

Compare scores with friends on all Sporcle quizzes.
Join for Free
OR
Log In

You Might Also Like...

Show Comments

Extras

Top Quizzes Today


Score Distribution

Your Account Isn't Verified!

In order to create a playlist on Sporcle, you need to verify the email address you used during registration. Go to your Sporcle Settings to finish the process.

Report this User

Report this user for behavior that violates our Community Guidelines.

Details: